| 000 | 02185 a2200349 4500 | ||
|---|---|---|---|
| 001 | 3052 | ||
| 005 | 20260407155424.0 | ||
| 008 | 260407a2003 arg spa d | ||
| 003 | AR-UNSa-BCEJYS | ||
| 040 |
_aAR-UNSa-BCEJYS _bspa _cAR-UNSa-BCEJYS |
||
| 080 |
_a35.086 _xResponsabilidad de los funcionarios |
||
| 245 | 1 | 0 | _aResponsabilidad del estado y de los funcionarios públicos |
| 020 | _a950-727-447-2 | ||
| 264 | 1 |
_aBuenos Aires : _bRubinzal-Culzoni Editores _c2003 |
|
| 300 |
_a355 p. _c22 cm. |
||
| 505 | _a1. Introducción - 2. Visión jusprivatista de la responsabilidad del Estado - 3. La responsabilidad del BCRA y solidaria de sus directores - 4. Responsabilidad estatal por la liquidación de entidades aseguradoras - 5. La restricción de la libertad y sus límites normativos: distintas responsabilidades - 6. Responsabilidad del Estado y conciencia ciudadana. Una aproximación sociológica sobre la relación Estado y sociedad - 7. Los órganos de control del sector público nacional y la responsabilidad patrimonial de los funcionarios públicos - 8. Responsabilidad del Estado y del Banco Central de la República Argentina - 9. Juicio político. Enjuiciamiento de funcionarios públicos - 10. Medidas económicas de emergencia, responsabilidad de los funcionarios - 11. Responsabilidad del Estado y de los funcionarios respecto al medio ambiente - 12. Responsabilidad civil por incumplimiento de programas de gobierno y promesas electorales - 13. Responsabilidad del Estado por medidas económicas dictadas en emergencia | ||
| 942 | _cBK | ||
| 590 | _aniveau_biblio:m niveau_hierar:0 | ||
| 100 | 1 | _aMosset Iturraspe, Jorge | |
| 700 | 1 | _aStiglitz, Gabriel | |
| 700 | 1 | _aGhersi, Carlos Alberto | |
| 700 | 1 | _aCoriolano, Mario | |
| 700 | 1 | _aGonzález, Andrea | |
| 700 | 1 | _aPicone, Griselda | |
| 700 | 1 | _aRusconi, Dante | |
| 700 | 1 | _aHuenchiman, Valeria | |
| 700 | 1 | _aRuiz, Karina | |
| 700 | 1 | _aOntivero, Carlos | |
| 700 | 1 | _aColina, Pedro Rafael de la | |
| 700 | 1 | _aVidal, Verónica | |
| 856 | 4 | 1 |
_uhttps://biblioeco.unsa.edu.ar/pmb/images/libros/Responsabilidad del estado y de los funcionarios publicos-l117804.jpg _yImagen de portada _qimage/jpeg |
| 999 |
_c278 _d278 |
||